Python And AWS Cookbook (Record no. 341227)

MARC details
000 -LEADER
fixed length control field 00433nam a2200169Ia 4500
008 - FIXED-LENGTH DATA ELEMENTS--GENERAL INFORMATION
fixed length control field 230718s9999 xx 000 0 und d
020 ## - INTERNATIONAL STANDARD BOOK NUMBER
International Standard Book Number 9789351108740
041 ## - LANGUAGE CODE
Language code of text/sound track or separate title eng
082 ## - DEWEY DECIMAL CLASSIFICATION NUMBER
Classification number 005.13'3
Item number GAR
100 ## - MAIN ENTRY--PERSONAL NAME
Personal name Garnaat M.
245 ## - TITLE STATEMENT
Title Python And AWS Cookbook
260 ## - PUBLICATION, DISTRIBUTION, ETC. (IMPRINT)
Date of publication, distribution, etc. 2014
Name of publisher, distributor, etc. SPD/O'Reilly
300 ## - PHYSICAL DESCRIPTION
Extent 62
365 ## - TRADE PRICE
Currency code Rs.
Price amount 200.00
700 ## - ADDED ENTRY--PERSONAL NAME
Personal name Garnaat M.
906 ## - LOCAL DATA ELEMENT F, LDF (RLIN)
d O:0486120-Jan-2016B:SE/SI/247513-Oct-2015
c IT
b 250
Holdings
Withdrawn status Lost status Damaged status Not for loan Home library Current library Date acquired Vendor Budget Code Cost, normal purchase price Bill number Total Checkouts Full call number Barcode Date last seen Discount Cost, replacement price Bill Date Koha item type Original Barcode
        Cummins College of Engineering for Women Pune Cummins College of Engineering for Women Pune 20/01/2016 Suyog Enterprises IT 150.00 SE/SI/2475   005.13'3 CCEP-BK-52434 18/07/2023 250 200.00 13/10/2015 Books 052434